Name every major league sports stadium in ohio - Statistics

General Stats
  • This quiz has been taken 14 times
  • The average score is 4 of 6
Answer Stats
Hint Answer % Correct
home of the Reds Great American Ballpark
92%
home of the Blue Jackets Nationwide Arena
83%
home of the Bengals Paycor Stadium
67%
Home of the Guardians Progressive Field
67%
home of the Cavaliers Rocket Mortgage Fieldhouse
50%
home of the Browns First Energy Stadium
42%
No matching quizzes found
Score Distribution
Percent of People with Each Score
Percentile by Number Answered
Your Score History
You have not taken this quiz